Thermodynamics (Record no. 4279)

MARC details
005 - DATE AND TIME OF LATEST TRANSACTION
control field 20250618101531.0
020 ## - INTERNATIONAL STANDARD BOOK NUMBER
International Standard Book Number 0-02-335530-1
082 ## - DEWEY DECIMAL CLASSIFICATION NUMBER
Classification number LM 536.7 FAI
100 ## - MAIN ENTRY--PERSONAL NAME
Author name FAIRES, V. M.
245 ## - TITLE STATEMENT
Title Thermodynamics
250 ## - EDITION STATEMENT
Edition statement 6th Ed.
260 ## - PUBLICATION, DISTRIBUTION, ETC.
Place of publication, distribution, etc. New York,
Name of publisher, distributor, etc. Macmillan,
Date of publication, distribution, etc. 1978.
300 ## - PHYSICAL DESCRIPTION
Extent xxiii, 647p.: ill.; chart, figure, graph, picture, table.
Other physical details Index,
Dimensions 26cm.
700 ## - ADDED ENTRY--PERSONAL NAME
Other authors/Editors SIMMANG, C. M.
942 ## - ADDED ENTRY ELEMENTS (KOHA)
Source of classification or shelving scheme Dewey Decimal Classification
Koha item type Books
Holdings
Date last seen Total checkouts Full call number Barcode Cost, replacement price Price effective from Koha item type Lost status Source of classification or shelving scheme Damaged status Not for loan Withdrawn status Home library Current library Shelving location Date acquired Cost, normal purchase price
06/18/2025   LM 536.7 FAI 00000010943 30000.00 06/18/2025 Books   Dewey Decimal Classification       College of Business Education Main Library College of Business Education Main Library General Collection 02/20/1990 10000.00
06/18/2025   LM 536.7 FAI 00000010944 30000.00 06/18/2025 Books   Dewey Decimal Classification       College of Business Education Main Library College of Business Education Main Library General Collection 02/20/1990 10000.00